Sports Quiz

Random Sports or Baseball Quiz

HOF Highest Voted Quiz Stats

 Plays Quiz Updated Jan 24, 2020

Support Sporcle.
Go Orange.
Score 0/27 Timer 06:00
0 Plays Today
Percent of Vote Player % Correct
95.13%Babe Ruth
94.8%
99.75%Derek Jeter
92.6%
99.32%Ken Griffey Jr.
82.6%
98.53%Cal Ripken Jr.
74.4%
97.30%Randy Johnson
73.8%
98.23%Ty Cobb
69.3%
94.68%Willie Mays
68.8%
97.83%Hank Aaron
68.6%
93.38%Ted Williams
65.9%
98.79%Nolan Ryan
65.3%
97.16%Chipper Jones
58.3%
97.61%Tony Gwynn
57.8%
94.81%Rickey Henderson
53%
98.84%Tom Seaver
50.6%
Percent of Vote Player % Correct
93.62%Reggie Jackson
49.4%
96.52%Mike Schmidt
47.5%
95.13%Honus Wagner
45.6%
92.69%Roberto Clemente
44.9%
96.42%Johnny Bench
44.2%
98.19%George Brett
41.2%
92.89%Vladimir Guerrero
40.8%
93.24%Stan Musial
40.7%
97.20%Greg Maddux
37%
95.82%Steve Carlton
34.1%
100.00%Mariano Rivera
26.9%
94.63%Carl Yastrzemski
24%
93.75%Bob Feller
18.6%

You're not logged in!

Compare scores with friends on all Sporcle quizzes.
OR
Log In
Forgot?

From the Vault

4 to 13 Letter 'Z' Places

by FilipinoBreloom

We don't think these will be getting you anywhere in Scrabble. Sorry.
Remove Ads.
Support Sporcle.
Get the best of Sporcle when you Go Orange. This ad-free experience offers more features, more stats, and more fun while also helping to support Sporcle. Thank you for becoming a member.

Show Comments

Extras

Top Quizzes Today


Score Distribution

Your Account Isn't Verified!

In order to create a playlist on Sporcle, you need to verify the email address you used during registration. Go to your Sporcle Settings to finish the process.

Report this User

Report this user for behavior that violates our Community Guidelines.

Details: